Statistics for Taylor Swift - Dress Lyrics

Click here to take the quiz!

General Stats

  • This quiz has been taken 216 times
  • The average score is 455 of 507

Answer Stats

Answer% Correct
a
100%
I
100%
in
98%
of
98%
on
98%
you
98%
You
98%
an
97%
and
97%
And
97%
it
97%
my
97%
My
97%
this
97%
dress
96%
me
96%
off
96%
Take
96%
take
96%
when
96%
your
96%
best
95%
bought
95%
could
95%
don't
95%
friend
95%
like
95%
Only
95%
only
95%
so
95%
the
95%
want
95%
ha
94%
Ha
94%
name
94%
no
94%
just
92%
Say
92%
Ah
91%
ah
91%
everything
91%
stops
90%
about
89%
all
89%
All
89%
hands
89%
got
88%
idea
88%
golden
87%
tattoo
87%
room
86%
they
86%
They
86%
are
85%
mark
85%
secret
85%
is
84%
shaking
84%
from
83%
back
82%
crowded
82%
Our
82%
shape
82%
silence
82%
time
82%
to
82%
into
81%
see
81%
There
81%
moments
80%
’Cause
79%
even
79%
Even
79%
Flashback
79%
hair
79%
holding
79%
we
79%
worst
79%
buzzcut
77%
by
77%
Made
77%
made
77%
met
77%
bedpost
76%
not
76%
up
76%
waiting
75%
Carve
74%
were
74%
we're
74%
I'm
73%
I’m
73%
know
73%
mistakes
73%
nothin'
73%
now
73%
patience
73%
side
73%
times
73%
truth
73%
woke
73%
anticipation
72%
But
72%
indentation
72%
one
72%
wake
72%
bleached
71%
can't
71%
earthquakes
70%
saw
69%
that
69%
us
69%
at
68%
drunk
68%
both
67%
if
67%
face
66%
kiss
66%
least
66%
rebounds
66%
thinks
66%
bathtub
64%
lifeline
64%
burned
63%
desperately
63%
electrified
63%
Everyone
63%
get
63%
pining
63%
shake
63%
try
63%
explain
62%
gonna
60%
wine
60%
lies
59%
spilling
58%
Inescapable
53%

Score Distribution

Percentile by Number Answered

Percent of People with Each Score

Your Score History

You have not taken this quiz